Library Banner

Corporate governance (Record no. 31336)

MARC details
000 -LEADER
fixed length control field 00603nam a2200217Ia 4500
001 - CONTROL NUMBER
control field 31215
003 - CONTROL NUMBER IDENTIFIER
control field PK-LaUMT
005 - DATE AND TIME OF LATEST TRANSACTION
control field 20221004165209.0
008 - FIXED-LENGTH DATA ELEMENTS--GENERAL INFORMATION
fixed length control field 140416s9999 xx 000 0 und d
020 ## - INTERNATIONAL STANDARD BOOK NUMBER
International Standard Book Number 0-8213-4741-1
040 ## - CATALOGING SOURCE
Transcribing agency PK-LaUMT
082 ## - DEWEY DECIMAL CLASSIFICATION NUMBER
Classification number w 658.4
Item number ISK-C
100 ## - MAIN ENTRY--PERSONAL NAME
Personal name Iskander, Magdi R.
245 ## - TITLE STATEMENT
Title Corporate governance
Remainder of title a framework for implementation
Statement of responsibility, etc Iskander, Magdi R.<>Nadereh Chamlou
260 ## - PUBLICATION, DISTRIBUTION, ETC. (IMPRINT)
Place of publication, distribution, etc Washington,USA:
Name of publisher, distributor, etc World Bank Group,
Date of publication, distribution, etc 2000
300 ## - PHYSICAL DESCRIPTION
Extent 210 p.
546 ## - LANGUAGE NOTE
Language note EN
650 ## - SUBJECT ADDED ENTRY--TOPICAL TERM
Topical term or geographic name as entry element Corporate governance
700 ## - ADDED ENTRY--PERSONAL NAME
Personal name Nadereh Chamlou
942 ## - ADDED ENTRY ELEMENTS (KOHA)
Koha item type Permanently weeded out collection
Source of classification or shelving scheme Dewey Decimal Classification
Holdings
Withdrawn status Lost status Damaged status Not for loan Home library Current library Date acquired Total Checkouts Full call number Barcode Date last seen Price effective from Koha item type
        UMT Main Campus UMT Main Campus 2014-04-16   w 658.4 ISK-C 38329 2014-05-03 2014-05-03 Books